El líder extraordinario: transformando buenos directivos en líderes extraordinarios (Registro nro. 2733)
[ vista simple ]
| 000 -Cabecera | |
|---|---|
| Campo de control de longitud fija | 01302aam a2200397 4500 |
| 005 - Fecha y hora de la última transacción | |
| Campo de control | 20250822165429.0 |
| 008 - Elementos de longitud fija--Información general | |
| Campo de control de longitud fija | 150610b2010 xxu||||| |||| 00| 0 spa d |
| 020 ## - International Standard Book Number | |
| Número Internacional Estándar del Libro (ISBN) | 9786077686477 |
| 041 ## - Idioma | |
| Código de idioma | Español |
| 082 ## - Clasificación Decimal Dewey | |
| Número de clasificación | 658.409.2 Z54l |
| 100 ## - Entrada principal--Autor personal | |
| Nombre personal | Zenger, John H |
| 9 (RLIN) | 23972 |
| 100 ## - Entrada principal--Autor personal | |
| Nombre personal | Folkman, Joseph |
| 9 (RLIN) | 23973 |
| 245 ## - Título propiamente dicho | |
| Título | El líder extraordinario: transformando buenos directivos en líderes extraordinarios |
| 260 ## - Pie de imprenta | |
| Lugar de publicación, distribución, etc. | Costa Rica |
| 260 ## - Pie de imprenta | |
| Nombre del editor, distribuidor, etc. | Alfaomega |
| 260 ## - Pie de imprenta | |
| Fecha de publicación, distribución, etc. | 2009 |
| 300 ## - Descripción física | |
| Extensión | 346 páginas |
| 490 ## - Serie | |
| Título de la Serie | Dirección y Administración de empresas |
| 650 ## - Materia general | |
| Temática (materia general) | LIDERAZGO EJECUTIVO |
| 650 ## - Materia general | |
| Temática (materia general) | DESNITIFICACIÓN DEL LIDERAZGO |
| 650 ## - Materia general | |
| Temática (materia general) | GRANDES LÍDERES MARCAN UNA GRAN DIFERENCIA |
| 650 ## - Materia general | |
| Temática (materia general) | EL LÍDER EXTRAORDINARIO |
| 650 ## - Materia general | |
| Temática (materia general) | SIMPLIFICACIÓN DEL LIDERAZGO |
| 650 ## - Materia general | |
| Temática (materia general) | HABILIDADES INTERPERSONALES |
| 650 ## - Materia general | |
| Temática (materia general) | BÚSQUEDA DE LAS COMPETENCIAS |
| 650 ## - Materia general | |
| Temática (materia general) | LÍDERES DEBEN DE ENCAJAR EN LA ORGANIZACIÓN |
| 650 ## - Materia general | |
| Temática (materia general) | DESARROLLO DE COMPETENCIAS |
| 650 ## - Materia general | |
| Temática (materia general) | DESMITIFICACIÓN DEL LIDERAZGO |
| 650 ## - Materia general | |
| Temática (materia general) | ORGANIZACIÓN DEL LIDERAZGO |
| 650 ## - Materia general | |
| Temática (materia general) | DESARROLLO DE LIDERAZGO |
| 650 ## - Materia general | |
| Temática (materia general) | CAMBIO ORGANIZACIONAL |
| 650 ## - Materia general | |
| Temática (materia general) | DESARROLLO DE LÍDERES |
| 650 ## - Materia general | |
| Temática (materia general) | CULTURA DE FEEDBACK |
| 650 ## - Materia general | |
| Temática (materia general) | METODOLOGÍA DE LA INVESTIGACIÓN |
| 942 ## - Punto de acceso adicional KOHA | |
| Tipo de ítem KOHA | Libro |
| Fuente del sistema de clasificación o colocación | Dewey Decimal Classification |
| Signatura completa | Código de barras | Programa Académico | Tipo de ítem |
|---|---|---|---|
| 658.409.2 Z54l | 15939 | Dirección y Administración de Empresas | Libro |
| 658.409.2 Z54l | 15940 | Dirección y Administración de Empresas | Libro |